000 00941nam a22001937a 4500
005 20241001154612.0
008 240815b ||||| |||| 00| 0 eng d
040 _cSSBUL
041 _aMyanmar
082 _223
_a၂၉၄.၃၀၂ အံ့
_b၁၃၆၃၇ S-KZN
100 0 _aအံ့၊ မောင်၊ မဟာဝိဇ္ဇာ၊ ဘုံဘေ
_952268
245 1 0 _aဗုဒ္ဓဘာသာလက်စွဲကျမ်း၊ ပထမတွဲ /
_cမောင်အံ့။
260 _aရန်ကုန် ၊
_bသာသနာရေးဦးစီးဌာန၊
_c၁၉၉၁။
300 _aငီ၊ ၇၅၁ စာ ၊
_c၂၅ စင်တီ။
500 _aS-KZN: Prof. Kyaw Zaw Naing S-SAT: Dr Sai Aung Tun collection
500 _aအက္ခရာစဉ်အညွန်းပါသည်။
650 _aဗုဒ္ဓဘာသာ
_xလက်စွဲ။
_952269
942 _2ddc
_cBK1
999 _c39795
_d39795